Reading Comprehension (Record no. 331489)

MARC details
000 -LEADER
fixed length control field 00481nam a2200181Ia 4500
008 - FIXED-LENGTH DATA ELEMENTS--GENERAL INFORMATION
fixed length control field 230718s9999 xx 000 0 und d
020 ## - INTERNATIONAL STANDARD BOOK NUMBER
International Standard Book Number 9781935707660
041 ## - LANGUAGE CODE
Language code of text/sound track or separate title eng
082 ## - DEWEY DECIMAL CLASSIFICATION NUMBER
Classification number 650
100 ## - MAIN ENTRY--PERSONAL NAME
Personal name Manhattan GMAT
245 ## - TITLE STATEMENT
Title Reading Comprehension
Remainder of title GMAT Strategy Guide 7
250 ## - EDITION STATEMENT
Edition statement 5th ed.
260 ## - PUBLICATION, DISTRIBUTION, ETC. (IMPRINT)
Date of publication, distribution, etc. 2012
Name of publisher, distributor, etc. MG Prep,Inc.
300 ## - PHYSICAL DESCRIPTION
Extent 159
365 ## - TRADE PRICE
Currency code Rs.
Price amount 1523.60
700 ## - ADDED ENTRY--PERSONAL NAME
Personal name Manhattan GMAT
906 ## - LOCAL DATA ELEMENT F, LDF (RLIN)
d O:0309117-Oct-2012B:147322-Sep-2012
c GENRL
b 380.9
Holdings
Withdrawn status Lost status Damaged status Not for loan Home library Current library Date acquired Vendor Budget Code Cost, normal purchase price Bill number Total Checkouts Full call number Barcode Date last seen Discount Cost, replacement price Bill Date Koha item type Original Barcode
        Cummins College of Engineering for Women Pune Cummins College of Engineering for Women Pune 17/10/2012 Technical Book Services GENRL 1142.70 1473   650 CCEP-BK-42696 18/07/2023 380.9 1523.60 22/09/2012 Books 042696